Human rights and refugees in Africa : (Record no. 3237)

MARC details
000 -LEADER
fixed length control field 01127nam a2200313 a 4500
001 - CONTROL NUMBER
control field 4468725
003 - CONTROL NUMBER IDENTIFIER
control field OSt
005 - DATE AND TIME OF LATEST TRANSACTION
control field 20160310145423.0
008 - FIXED-LENGTH DATA ELEMENTS--GENERAL INFORMATION
fixed length control field 951124s1993 lo b f001 0 eng
010 ## - LIBRARY OF CONGRESS CONTROL NUMBER
LC control number 95980883
020 ## - INTERNATIONAL STANDARD BOOK NUMBER
International Standard Book Number 9991131051
040 ## - CATALOGING SOURCE
Original cataloging agency DLC
Transcribing agency DLC
042 ## - AUTHENTICATION CODE
Authentication code lcode
043 ## - GEOGRAPHIC AREA CODE
Geographic area code f------
050 00 - LIBRARY OF CONGRESS CALL NUMBER
Classification number Z7164.L6
Item number B45 1993
Classification number JC599.A36
082 ## - DEWEY DECIMAL CLASSIFICATION NUMBER
Classification number 016
Item number BEL 1993
100 1# - MAIN ENTRY--PERSONAL NAME
Personal name Belay, Kesete.
9 (RLIN) 7281
245 10 - TITLE STATEMENT
Title Human rights and refugees in Africa :
Remainder of title an annotated bibliography /
Statement of responsibility, etc. Kesete Belay.
260 ## - PUBLICATION, DISTRIBUTION, ETC. (IMPRINT)
Place of publication, distribution, etc. Roma, Lesotho :
Name of publisher, distributor, etc. Institute of Southern African Studies, National University of Lesotho,
Date of publication, distribution, etc. 1993.
300 ## - PHYSICAL DESCRIPTION
Extent 139 p. ;
Dimensions 21 cm.
490 1# - SERIES STATEMENT
Series statement Human and peoples' rights monograph series ;
Volume/sequential designation no. 11
500 ## - GENERAL NOTE
General note Includes indexes.
650 #0 - SUBJECT ADDED ENTRY--TOPICAL TERM
Topical term or geographic name as entry element Human rights
Geographic subdivision Africa
General subdivision Bibliography.
9 (RLIN) 7282
650 #0 - SUBJECT ADDED ENTRY--TOPICAL TERM
Topical term or geographic name as entry element Refugees
Geographic subdivision Africa
General subdivision Bibliography.
9 (RLIN) 7283
830 #0 - SERIES ADDED ENTRY--UNIFORM TITLE
Uniform title ISAS human and people's rights monograph ;
Volume number/sequential designation no. 11.
9 (RLIN) 7284
906 ## - LOCAL DATA ELEMENT F, LDF (RLIN)
a 7
b cbc
c origode
d 2
e ncip
f 19
g y-gencatlg
942 ## - ADDED ENTRY ELEMENTS (KOHA)
Source of classification or shelving scheme Dewey Decimal Classification
Koha item type Short Loan
Holdings
Withdrawn status Lost status Source of classification or shelving scheme Damaged status Not for loan Home library Current library Date acquired Inventory number Total Checkouts Full call number Barcode Date last seen Price effective from Koha item type
    Dewey Decimal Classification     MUST Main Library MUST Main Library 10/03/2016 1998/12028   016 BEL 1993 2016-0427 10/03/2016 10/03/2016 Short Loan